000
00326nam a2200133Ia 4500
005
20251222155200.0
008
251222s9999||||xx |||||||||||||| ||spa||
082
_a
SIQ.31
100
_a
Asociación psiquiátrica .
245
0
_a
Revista Psiquiatrica peruana
250
_a
2da. ed.
264
_b
Janssen - cilag
942
_c
LIB
999
_c
39912
_d
39912